| 000 | 00493nam a2200193 a 4500 | ||
|---|---|---|---|
| 001 | 0186 | ||
| 005 | 20140414132020.0 | ||
| 008 | 040813s19uu xx 00 eng d | ||
| 020 | _a0-590-98779-8 | ||
| 050 |
_aTR _bIF9 1998 |
||
| 100 | _aHarper, Piers | ||
| 245 |
_aIf you love a bear / _cPiers Harper. |
||
| 260 |
_aNew York : _bScholastic, _c1998. |
||
| 300 | _a 1v. : ill. ; cm. | ||
| 526 | _aSenior Prep | ||
| 650 |
_aLove _xFiction. |
||
| 650 | _aChildren stories. | ||
| 999 |
_c113442 _d113442 |
||